000 00359nam a22001217a 4500
008 160311b xxu||||| |||| 00| 0 eng d
020 _a0252077425
100 _aNettl Bruno
245 _aNettls Elephant
_bOn the History of Ethnomusicology
260 _aU.S.A
_bUniversity of illinois
_c2010
300 _axxix,256P.
_bill.
942 _2lcc
_cRES
_kML 3799 .N38 2010
999 _c15752
_d15752